আমলার মন /
Articles on the history of bureaucracy in India.
| Автор: | |
|---|---|
| Формат: | Книга |
| Мова: | Bengali English |
| Опубліковано: |
কলকাতা :
দে'জ পাবলিশিং,
২০১৬.
|
| Предмети: | |
| Classic Catalogue: | View this record in Classic Catalogue |
| LEADER | 01530nam a2200373 i 4500 | ||
|---|---|---|---|
| 001 | 40183 | ||
| 003 | BD-DhAAL | ||
| 008 | 221213t2016 ii b 000 0 ben d | ||
| 999 | |c 45168 |d 45168 | ||
| 010 | |a 2017327349 | ||
| 020 | |a 9788129527592 | ||
| 020 | |a 8129527596 | ||
| 035 | |a (OCoLC)1012882821 | ||
| 035 | |a (OCoLC)on1012882821 | ||
| 040 | |a DKAGE |b eng |e rda |c DKAGE |d OCLCO |d OCLCF |d NYP |d OCLCA |d OCLCQ |d DLC |d BD-DhAAL | ||
| 041 | 0 | |a ben |a eng | |
| 042 | |a lccopycat |a lcode | ||
| 043 | |a a-ii--- | ||
| 050 | 0 | 0 | |a JQ231 |b .B335 2016 |
| 082 | 0 | 4 | |a 352.630954 |2 23 |
| 100 | 1 | |a বন্দ্যোপাধ্যায়, আলাপন |9 52833 | |
| 245 | 1 | 0 | |a আমলার মন / |c আলাপন বন্দ্যোপাধ্যায় |
| 246 | 3 | 1 | |a Amlar mon |
| 264 | 1 | |a কলকাতা : |b দে'জ পাবলিশিং, |c ২০১৬. | |
| 300 | |a ১৫৭ পৃষ্ঠা ; |c ২১ সে.মি. | ||
| 504 | |a Includes bibliographical references. | ||
| 520 | |a Articles on the history of bureaucracy in India. | ||
| 541 | |a Donated By Akbar Ali Khan |e 40183 | ||
| 546 | |a In Bengali; includes passages in English. | ||
| 650 | 0 | |a Bureaucracy |z India |x History. |9 52834 | |
| 650 | 0 | |a Public administration. |9 52835 | |
| 852 | |a Ayesha Abed Library |c Akbar Ali Khan Collection | ||
| 942 | |2 ddc |c BK | ||
| 952 | |0 0 |1 0 |2 ddc |4 0 |6 352_630954000000000_BAN |7 1 |9 72478 |a BRACUL |b BRACUL |c AAKC |d 2022-12-13 |e Donated by Akbar Ali Khan |g 250.00 |l 0 |o 352.630954 BAN |p 3010040183 |r 2022-12-13 |t 1 |w 2022-12-13 |y BK |x Rs. 200.00 | ||